Loading...
Maya 2008 in simple steps
| Main Author: | |
|---|---|
| Format: | Printed Book |
| Language: | Undetermined |
| Published: |
New Delhi
Dreamtech Press
2008
|
| Subjects: |
| LEADER | 00519nam a2200157Ia 4500 | ||
|---|---|---|---|
| 008 | 140316s9999 xx 000 0 und d | ||
| 020 | |a 108177228625 | ||
| 082 | |a 006.696 |b KOG/MA | ||
| 100 | |a Kogent solutions Inc | ||
| 245 | |a Maya 2008 in simple steps | ||
| 260 | |a New Delhi |b Dreamtech Press |c 2008 | ||
| 300 | |a 269 | ||
| 650 | |a maya 2008 | ||
| 942 | |2 ddc |c BK | ||
| 999 | |c 8753 |d 8753 | ||
| 952 | |0 0 |1 0 |2 ddc |4 0 |6 006_696000000000000_KOGMA |7 0 |9 9933 |a KAUCLV |b KAUCLV |c GENERAL |d 2014-03-18 |o 006.696 KOG/MA |p 216984 |r 2014-03-18 |w 2014-03-18 |y BK | ||